000 01438njm a22003137a 4500
005 2010091402512.0
006 a|||||r|||||00| 0
007 sd ammalaaahaa
008 100910t xxu||||| |||| 00| 0 eng d
028 _a45-AE.1329
_bODEON
035 _aGR-02075
040 _aSED/VEN
100 _91184
_aMukesh
245 _aDharti kahe pukar ke /
_cSung by mukesh,Lata Mangeshkar [and] Mohd Rafi; Music by Laxmi Kant Pyare Lal ;Lyric by Majrooh
_hHindi film
246 _aधरती कहे पुकार के (मुकेश , लता मंगेशकर, [एंड ] (मोहद रफ़ी )
260 _aDum Dum, India
_bODEON
300 _a1 sound disc : [Gramophone Record]
_banalog, 45 rpm
_c7 in.
_fGramophone Records
500 _aBrief record.
500 _aODEON
500 _aPurpal
505 _aपार्ट १ जो हम तुम चोरी से (धरती कहे पुकार के )Part 1 Jo hum tum chori se ( dharti kahe pukar ke ) पार्ट २ धरती कहे पुकार के Part 2 dhrti kahe pukar ke
650 _xExcerpts
_zIndia
_919370
_aClassical music
_vFilmi song
700 _aLata Mangeshkar
_919754
700 _919372
_a Mohd Rafi
700 _a Laxmi Kant Pyare Lal
_919941
700 _aMajrooh
_919942
942 _2ddc
_cGR
999 _c45638
_d45638